Statistics for Trace the Border of China

Click here to take the quiz!

General Stats

  • This quiz has been taken 158 times
    (145 since last reset)
  • The average score is 17 of 18

Answers on the Map

Answers color-coded by a green-red scale on the quiz's map according to % correct below.
 

Answer Stats

Answer% Correct
North Korea
99%
Russia
99%
Mongolia
98%
Kazakhstan
97%
Russia
97%
Afghanistan
95%
Kyrgyzstan
95%
Tajikistan
95%
Pakistan
94%
Bhutan
93%
India
93%
India
93%
India
93%
Nepal
93%
Myanmar
92%
Vietnam
92%
Laos
90%
Pacific Ocean
86%

Score Distribution

Percentile by Number Answered

Percent of People with Each Score

Your Score History

You have not taken this quiz since the last reset